000 01377cam a2200361 4500
008 090401t1995 xxu||||| |||| 00| 0 eng d
020 _a0854067264
035 _a(Sirsi) u63381
041 0 _aeng
050 0 4 _a346.4104343 $2 18
090 _aRICS 1995/107ABCDE
110 2 _aProperty Market Reform Group
_91089
245 0 0 _aCommercial property leases in England and Wales
_bcode of practice.
260 _aLondon
_bRICS
_c1995
300 _a24p.
_c30cm.
350 _a3.95
490 0 _aRICS Code of Practice
520 _aSuperseded by "A code of practice for commercial leases in England and Wales" (ISBN1842190989).
651 4 _aEngland and Wales
_y1543-
690 _aPROPERTY-COMMERCIAL PROPERTY-LEASEHOLD COMMERCIAL PROPERTY-COMMERCIAL LANDLORD AND TENANT-COMMERCIAL LEASES
710 2 _aRoyal Institution of Chartered Surveyors
_94900
710 2 _aCommercial Leases Group
_91083
710 2 _aAssociation of British Insurers
_93272
710 2 _aBritish Council for Offices
_93992
710 2 _aBritish Property Federation
_91604
710 2 _aBritish Retail Consortium
_91582
710 2 _aConfederation of British Industry
_9414
710 2 _aFederation of Small Businesses
_91084
710 2 _aIncorporated Society of Valuers and Auctioneers
_91201
710 2 _aLaw Society of England and Wales
_91639
942 _n0
948 _c04/03/1997
999 _c94544
_d94544